000 00595nam a22002177a 4500
003 OSt
005 20210419090618.0
008 210227s1978 ||||| |||| 00| 0 eng d
020 _a0671819224
040 _aeng
_beng
_cDLC
041 _aeng
080 _a821.111
_bW-60
100 _91118
_aWetering, de van Janwillem
245 _aThe Japanese Corpse
_c/ by: Pocket Books
260 _aNew York
_bPocket Books
_c1978
300 _a261 p.
365 _b1.95 usd
650 0 _9254
_aEnglish literature
653 _aინგლისური ლიტერატურა
942 _2udc
_cBK
999 _c1782
_d1782